| 000 | 00596nam a2200181 a 4500 | ||
|---|---|---|---|
| 001 | 000013359 | ||
| 005 | 20200929163215.0 | ||
| 008 | 091123s1992 dr 001 0 spa d | ||
| 040 |
_aDO-SdBNP _bspa _cBNPHU |
||
| 082 |
_axxx _bZ21p |
||
| 100 | 1 |
_aZaiter, Raschid _930561 |
|
| 245 | 1 | 0 |
_aPeña : _b¿leal o traidor? / _cRaschid Zaiter ; prólogo José Rafael Molina Ureña. |
| 260 |
_aSanto Domingo : _b[s.n.], _c1992. |
||
| 300 |
_a323 p. ; _c22 cm. |
||
| 500 | _aIncluye datos biográficos del autor en la contracubierta | ||
| 700 | 1 |
_aMolina Ureña, José Rafael _epról. _930562 |
|
| 049 | _aBNPD | ||
| 999 |
_c12986 _d12986 |
||